ECR na začátku nového milénia

Snaha o tesnejšiu spoluprácu v dodávateľsko-odberateľských vzťahoch - od konca 20. storočia. Zavádzanie novej koncepcie nazvanej ECR - Efficient Consumer Response (efektívna odozva na požiadavky zákazníka). Staršie a novšie definície pojmu ECR. Výmena informácií pri ECR pomocou EDI (electronic data...

ver descrição completa

Na minha lista:
Detalhes bibliográficos
Autor principal: Klapalová, Alena
Outros Autores: Stehlík, Antonín
Formato: Capítulo de Livro
Idioma:tcheco
Assuntos:
Tags: Adicionar Tag
Sem tags, seja o primeiro a adicionar uma tag!

MARC

LEADER 00000naa$a2200000$$$4500
001 0013266
005 20221207104903.3
041 0 |a cze 
044 |a SK 
245 1 0 |a ECR na začátku nového milénia  |c aut. Alena Klapalová, Antonín Stehlík 
520 |a Snaha o tesnejšiu spoluprácu v dodávateľsko-odberateľských vzťahoch - od konca 20. storočia. Zavádzanie novej koncepcie nazvanej ECR - Efficient Consumer Response (efektívna odozva na požiadavky zákazníka). Staršie a novšie definície pojmu ECR. Výmena informácií pri ECR pomocou EDI (electronic data interchange). Informácie výrobcovi o pohybe zásob v maloobchodných predajniach. Category management ako stavebný kameň ECR. Vývoj v Česku. 
610 2 0 |a vzťahy dodávateľsko-odberateľské 
610 2 0 |a reťazce obchodné 
610 2 0 |a dodávatelia 
610 2 0 |a zákazníci 
610 2 0 |a logistika obchodná 
610 2 0 |a ECR 
100 1 |a Klapalová, Alena 
700 1 |a Stehlík, Antonín